| 000 | 00412nam a22001097a 4500 | ||
|---|---|---|---|
| 999 |
_c7007 _d7007 |
||
| 008 | 200414b ||||| |||| 00| 0 eng d | ||
| 245 |
_aTanzania Population reproductive health and development _hEnglish |
||
| 260 |
_aDar Es Salaam _bMinistry of planning, economy and empowerment _c2006 |
||
| 300 |
_ax,55p. _bIllustration _c29cm |
||
| 650 | _2Tanzania population reproduction health and development | ||
| 942 |
_2ddc _cBOOKS |
||